Estudi biográfic del gran capitá catalá Ramón Foleh de Cardona, III d'Anglesola i XVI baró de Belpuig / (Record no. 129077)

MARC details
000 -LEADER
campo de control de longitud fija 00571nam a2200157 i 4500
001 - NÚMERO DE CONTROL
campo de control 129077
003 - IDENTIFICADOR DE NÚMERO DE CONTROL
campo de control ES-MaACL
005 - FECHA Y HORA DE LA ÚLTIMA TRANSACCIÓN
campo de control 20230906193431.0
007 - CAMPO FIJO DE DESCRIPCIÓN FÍSICA--INFORMACIÓN GENERAL
campo de control de longitud fija t|
008 - DATOS DE LONGITUD FIJA--INFORMACIÓN GENERAL
campo de control de longitud fija 070605s1969 sp ||||1| cat d
100 1# - ENTRADA PRINCIPAL--NOMBRE DE PERSONA
Nombre de persona Teixido y Balcells, José.
9 (RLIN) 109537
245 10 - MENCIÓN DEL TÍTULO
Título Estudi biográfic del gran capitá catalá Ramón Foleh de Cardona, III d'Anglesola i XVI baró de Belpuig /
Mención de responsabilidad, etc. per Josep Teixidó i Balcells.
260 ## - PUBLICACIÓN, DISTRIBUCIÓN, ETC.
Lugar de publicación, distribución, etc. Bellpuig (Poblet) :
Nombre del editor, distribuidor, etc. [s.n.],
Fecha de publicación, distribución, etc. 1969 (
Lugar de fabricación/manufactura Imp. Monástica)
300 ## - DESCRIPCIÓN FÍSICA
Extensión 290 p., 7 lám., 1 map. ;
Dimensiones 24 cm.
852 ## - LOCALIZACIÓN
Ubicación ES-MaACL
Número de control de estantería C-46697
Sublocalización o colección R.69820
Holdings
Estatus retirado Estado de pérdida Estado de daño No para préstamo Biblioteca de origen Biblioteca actual Ubicación en estantería Fecha de adquisición Fuente de adquisición Total de préstamos Signatura topográfica completa Código de barras Visto por última vez Precio de reemplazo Tipo de ítem Koha
        Biblioteca del Ateneo de Madrid Biblioteca del Ateneo de Madrid Depósito 2 17/01/2008     C-46697 1134418 23/02/2023 23/02/2023 Libro impreso